[Event "Reykjavik op"]
[Site "Reykjavik"]
[Date "2017.04.25"]
[Round "8"]
[White "Briem, Stephan"]
[Black "Peat, Matthew"]
[Result "1-0"]
[WhiteElo "1865"]
[BlackElo "2014"]
[PlyCount "100"]
[EventDate "2017.04.19"]
[EventType "swiss"]
[EventRounds "10"]
[EventCountry "ISL"]
[SourceTitle "CBM 178 Extra"]
[Source "ChessBase"]
[SourceDate "2017.06.22"]
[SourceVersion "1"]
[SourceVersionDate "2017.06.22"]
[SourceQuality "1"]

1. d4 d5 2. c4 c6 3. Nf3 Nf6 4. Nc3 e6 5. g3 dxc4 6. Bg2 b5 7. Ne5 Qb6 8. a4 Bb7 9. 0-0 a6 10. Bg5 Nbd7 11. f4 Rd8 12. e3 Be7 13. Qf3 Bd6 14. Kh1 Rb8 15. Qe2 c5 16. Rad1 cxd4 17. exd4 Bxg2+ 18. Kxg2 0-0 19. h4 Qb7+ 20. Kh2 Nd5 21. Ne4 Bb4 22. f5 exf5 23. Rxf5 f6 24. Nxd7 Qxd7 25. Qg4 g6 26. Rdf1 Kh8 27. Bh6 gxf5 28. Rxf5 Rg8 29. Qh5 Rbd8 30. Ng5 fxg5 31. Rf7 Qe8 32. hxg5 c3 33. Bf8 Rg7 34. Bxg7+ Kg8 35. Rf8+ Qxf8 36. Bxf8 Rxf8 37. bxc3 Nxc3 38. g6 hxg6 39. Qxg6+ Kh8 40. Qh6+ Kg8 41. Qxa6 Rf2+ 42. Kh3 Ra2 43. Qe6+ Kf8 44. axb5 Re2 45. Qc4 Rb2 46. b6 Nd1 47. Qc8+ Kf7 48. Qc7+ Be7 49. b7 Nf2+ 50. Kg2 Nd1+ 1-0

[Event "Reykjavik op"]
[Site "Reykjavik"]
[Date "2017.04.19"]
[Round "1"]
[White "Peat, Matthew"]
[Black "Can, Emre"]
[Result "0-1"]
[WhiteElo "2014"]
[BlackElo "2578"]
[PlyCount "38"]
[EventDate "2017.04.19"]
[EventType "swiss"]
[EventRounds "10"]
[EventCountry "ISL"]
[SourceTitle "CBM 178 Extra"]
[Source "ChessBase"]
[SourceDate "2017.06.22"]
[SourceVersion "1"]
[SourceVersionDate "2017.06.22"]
[SourceQuality "1"]

1. e4 c5 2. Nf3 d6 3. d4 cxd4 4. Nxd4 Nf6 5. Nc3 a6 6. Bg5 Nbd7 7. Qe2 g6 8. f4 e5 9. fxe5 dxe5 10. 0-0-0 Qc7 11. Nd5 Nxd5 12. exd5 h6 13. Bh4 Bd6 14. Ne6 fxe6 15. Qd3 Nf8 16. Be2 exd5 17. Qxd5 Bf5 18. c3 Be7 19. Bg3 Bg5+ 0-1

[Event "London Classic op U2050-B 8th"]
[Site "London"]
[Date "2016.12.16"]
[Round "5"]
[White "Peat, Matthew"]
[Black "Yoon, Jacob D"]
[Result "1-0"]
[WhiteElo "2027"]
[BlackElo "1871"]
[PlyCount "97"]
[EventDate "2016.12.12"]
[EventType "swiss"]
[EventRounds "5"]
[EventCountry "ENG"]
[SourceTitle "EXT 2019"]
[Source "ChessBase"]
[SourceDate "2018.10.10"]
[SourceVersion "1"]
[SourceVersionDate "2018.10.10"]
[SourceQuality "1"]

1. e4 c5 2. Nf3 Nc6 3. d4 cxd4 4. Nxd4 g6 5. Nc3 Bg7 6. Be3 Nf6 7. Bc4 0-0 8. Bb3 a6 9. f3 b5 10. Qd2 Ne5 11. 0-0-0 Bb7 12. Kb1 d5 13. Nxd5 Nxd5 14. exd5 Bxd5 15. Bxd5 Qxd5 16. Nf5 Qb7 17. Nxg7 Nc4 18. Qe2 Nxe3 19. Qxe3 Kxg7 20. Rd4 Rad8 21. Rhd1 Qc7 22. Qc3 Rxd4 23. Rxd4 Qxc3 24. bxc3 Rc8 25. Kb2 Kf6 26. Kb3 Rc6 27. c4 e5 28. cxb5 axb5 29. Rd5 b4 30. Rd2 Ra6 31. Re2 Ra3+ 32. Kb2 Ke6 33. Re4 Ra4 34. Kb1 g5 35. c3 Ra3 36. cxb4 Kd5 37. Kb2 Rd3 38. Re2 f5 39. Rc2 h5 40. b5 Ke6 41. a4 g4 42. fxg4 hxg4 43. Rc3 Rd6 44. Rb3 Rb6 45. a5 Rb8 46. b6 Kd7 47. b7 Kc7 48. a6 Rd8 49. a7 1-0

[Event "London Classic CSC op 7th"]
[Site "London"]
[Date "2015.12.06"]
[Round "5"]
[White "Anilkumar, Anantha P"]
[Black "Peat, Matthew"]
[Result "1-0"]
[WhiteElo "1938"]
[BlackElo "2037"]
[PlyCount "79"]
[EventDate "2015.12.04"]
[EventType "swiss"]
[EventRounds "5"]
[EventCountry "ENG"]
[SourceTitle "CBM 169 Extra"]
[Source "ChessBase"]
[SourceDate "2015.12.18"]
[SourceVersion "1"]
[SourceVersionDate "2015.12.18"]
[SourceQuality "1"]

1. d4 d5 2. c4 c6 3. Nc3 Nf6 4. e3 e6 5. Nf3 Nbd7 6. Qc2 Bd6 7. g4 h6 8. Bd3 dxc4 9. Bxc4 b5 10. Bd3 Bb7 11. Rg1 Rc8 12. h3 c5 13. Nxb5 Bb8 14. Qe2 0-0 15. e4 cxd4 16. Nbxd4 Nc5 17. g5 Nxd3+ 18. Qxd3 Bxe4 19. Qe2 hxg5 20. Bxg5 Bg6 21. Rd1 Qa5+ 22. Kf1 Ne4 23. Bd2 Qh5 24. h4 e5 25. Nb3 Rfd8 26. Be3 Qf5 27. Ng5 Nxg5 28. Bxg5 f6 29. Rxd8+ Rxd8 30. Bd2 Bh5 31. Qc4+ Bf7 32. Qg4 Qd3+ 33. Qe2 Qh3+ 34. Ke1 Qxh4 35. Qg4 Qh7 36. Nc5 Bh5 37. Qc4+ Kh8 38. Qe4 Qxe4+ 39. Nxe4 Kg8 40. Nxf6+ 1-0

[Event "BCF-chT3S 1314 (4NCL)"]
[Site "England"]
[Date "2014.01.12"]
[Round "4.120"]
[White "Peat, Matthew"]
[Black "Graham, Neil"]
[Result "1-0"]
[WhiteElo "2072"]
[BlackElo "1856"]
[PlyCount "63"]
[EventDate "2013.11.16"]
[EventType "team-swiss"]
[EventRounds "6"]
[EventCountry "ENG"]
[SourceTitle "EXT 2015"]
[Source "ChessBase"]
[SourceDate "2014.11.20"]
[SourceVersion "1"]
[SourceVersionDate "2014.11.20"]
[SourceQuality "1"]
[WhiteTeam "e2e4.org.uk II"]
[BlackTeam "Ashfield Breadsall"]
[WhiteTeamCountry "ENG"]
[BlackTeamCountry "ENG"]

1. d4 Nf6 2. c4 e5 3. dxe5 Ne4 4. a3 b6 5. Nd2 Bb7 6. Qc2 Nc5 7. b4 Ne6 8. Bb2 Nc6 9. Ngf3 a5 10. b5 Ne7 11. e3 Nc5 12. Be2 Ng6 13. 0-0 Qe7 14. Nb3 Be4 15. Qd1 Nxb3 16. Qxb3 Nh4 17. Nxh4 Qxh4 18. f4 0-0-0 19. Bf3 Bxf3 20. Rxf3 h6 21. Bd4 Rg8 22. Rc1 d6 23. exd6 Bxd6 24. c5 Bxc5 25. Bxc5 bxc5 26. b6 Qe7 27. bxc7 Kxc7 28. Qb5 Rd5 29. Qxa5+ Kd7 30. Rb1 Ke6 31. e4 Rd6 32. e5 1-0

[Event "BCF-chT3S 1314 (4NCL)"]
[Site "England"]
[Date "2013.11.17"]
[Round "2.58"]
[White "Peat, Matthew"]
[Black "Fegan, Chris"]
[Result "0-1"]
[WhiteElo "2099"]
[BlackElo "2013"]
[PlyCount "99"]
[EventDate "2013.11.16"]
[EventType "team-swiss"]
[EventRounds "6"]
[EventCountry "ENG"]
[SourceTitle "CBM 157 Extra"]
[Source "ChessBase"]
[SourceDate "2013.12.19"]
[SourceVersion "1"]
[SourceVersionDate "2013.12.19"]
[SourceQuality "1"]
[WhiteTeam "e2e4.org.uk II"]
[BlackTeam "BCM Hippos III"]
[WhiteTeamCountry "ENG"]
[BlackTeamCountry "ENG"]

1. d4 g6 2. e4 d6 3. c4 Bg7 4. Nc3 e5 5. Nge2 Ne7 6. h4 Nbc6 7. d5 Nb8 8. h5 c6 9. Bg5 h6 10. Be3 g5 11. Ng3 cxd5 12. cxd5 0-0 13. Bd3 Na6 14. Nf5 Bxf5 15. exf5 Nc5 16. f3 Qa5 17. Be4 b5 18. 0-0 b4 19. Ne2 Rac8 20. Qd2 Bf6 21. Nc1 Qb5 22. Bxc5 Rxc5 23. Nb3 Rc4 24. a4 Qb6+ 25. Qf2 Qc7 26. Rfc1 Rxc1+ 27. Rxc1 Qd7 28. Qe3 Nxf5 29. Qd3 Ng3 30. Rc6 Nxh5 31. Bf5 Nf4 32. Qe4 Qd8 33. g3 Nh5 34. Qg4 Ng7 35. Bd3 Be7 36. Qh3 h5 37. g4 Qd7 38. Na5 Rc8 39. Qh2 h4 40. Qc2 Rxc6 41. dxc6 Qc7 42. Qc4 Bd8 43. Nb7 Qb6+ 44. Kf1 Bc7 45. Qe4 Qd4 46. Qh7+ Kf8 47. Be4 Qc4+ 48. Ke1 Qc1+ 49. Ke2 Qxb2+ 50. Kd3 0-1

[Event "Sunningdale e2e4 op"]
[Site "Ascot"]
[Date "2013.05.27"]
[Round "6"]
[White "Peat, Matthew"]
[Black "Osborne, Marcus E"]
[Result "0-1"]
[WhiteElo "2094"]
[BlackElo "2263"]
[PlyCount "99"]
[EventDate "2013.05.24"]
[EventType "swiss"]
[EventRounds "7"]
[EventCountry "ENG"]
[SourceTitle "CBM 154 Extra"]
[Source "ChessBase"]
[SourceDate "2013.06.25"]
[SourceVersion "2"]
[SourceVersionDate "2013.06.25"]
[SourceQuality "1"]

1. d4 e6 2. c4 Nf6 3. Nc3 Bb4 4. e3 b6 5. Nge2 Ne4 6. Bd2 Nxd2 7. Qxd2 0-0 8. a3 Be7 9. Nf4 Bb7 10. d5 e5 11. Nd3 d6 12. Be2 a5 13. 0-0 Nd7 14. b4 f5 15. e4 Bg5 16. Qc2 g6 17. Rab1 Nf6 18. Nc1 fxe4 19. Nxe4 Nxe4 20. Qxe4 Bc8 21. Qc2 axb4 22. axb4 e4 23. Nb3 e3 24. f3 Qf6 25. Rbd1 Bd7 26. Nd4 Ba4 27. Qc1 Bxd1 28. Rxd1 Ra2 29. g3 Rd2 30. Qc3 Rxd1+ 31. Bxd1 Ra8 32. f4 Re8 33. Qd3 Bh6 34. Be2 Bg7 35. Ne6 Qc3 36. Qxc3 Bxc3 37. b5 Re7 38. Kf1 Kf7 39. Bg4 h5 40. Bh3 Bb4 41. Ke2 Bc5 42. Kd3 Re8 43. Nxc7 Re4 44. Bf1 Rd4+ 45. Kxe3 Rxc4+ 46. Kf3 Rc3+ 47. Kg2 Rc2+ 48. Kh1 Bg1 49. Na8 Bd4 50. Bh3 0-1

[Event "Sunningdale e2e4 op"]
[Site "Ascot"]
[Date "2013.05.26"]
[Round "5"]
[White "Amato, Giampiero"]
[Black "Peat, Matthew"]
[Result "0-1"]
[WhiteElo "1978"]
[BlackElo "2094"]
[PlyCount "132"]
[EventDate "2013.05.24"]
[EventType "swiss"]
[EventRounds "7"]
[EventCountry "ENG"]
[SourceTitle "CBM 154 Extra"]
[Source "ChessBase"]
[SourceDate "2013.06.25"]
[SourceVersion "2"]
[SourceVersionDate "2013.06.25"]
[SourceQuality "1"]

1. e4 c5 2. Nf3 e6 3. d4 cxd4 4. Nxd4 Nc6 5. Nc3 Qc7 6. Be2 Nf6 7. 0-0 a6 8. Kh1 Be7 9. f4 d6 10. a4 0-0 11. Bf3 Rd8 12. Be3 Ne5 13. Ndb5 axb5 14. Nxb5 Qc6 15. fxe5 dxe5 16. Qe2 Bd7 17. Qf2 Ra6 18. b3 Be8 19. Rab1 b6 20. Rfd1 Nd7 21. Qg3 Raa8 22. c4 Nc5 23. Rxd8 Rxd8 24. Qxe5 Rd3 25. Bxc5 Bxc5 26. Qc7 Kf8 27. Qxc6 Bxc6 28. b4 Be3 29. h3 e5 30. Nc7 Bxa4 31. Nd5 Bd4 32. Kh2 f6 33. b5 Bb3 34. Be2 Rd2 35. Rxb3 Rxe2 36. Ra3 Bc5 37. Ra8+ Kf7 38. Ra7+ Kg6 39. Rb7 Rxe4 40. Nxb6 Bxb6 41. Rxb6 Rxc4 42. Rc6 Rb4 43. b6 h5 44. Kg1 Rb2 45. Rd6 h4 46. Kf1 Kf5 47. Rd7 g5 48. b7 Kf4 49. Rc7 e4 50. Rf7 f5 51. Rc7 Rb3 52. Rf7 Ke3 53. Kg1 Rb1+ 54. Kh2 Kf4 55. Rc7 Rb3 56. Re7 e3 57. Kg1 Rb1+ 58. Kh2 Rb3 59. Kg1 Rb1+ 60. Kh2 g4 61. hxg4 fxg4 62. Rf7+ Kg5 63. Rg7+ Kf5 64. Rf7+ Ke6 65. Rf4 e2 66. Re4+ Kf5 0-1

[Event "Sunningdale e2e4 Challengers-F"]
[Site "Sunningdale"]
[Date "2011.08.13"]
[Round "7"]
[White "Taylor, Dale C"]
[Black "Peat, Matthew"]
[Result "1/2-1/2"]
[WhiteElo "1996"]
[BlackElo "2044"]
[PlyCount "36"]
[EventDate "2011.08.10"]
[EventType "tourn"]
[EventRounds "9"]
[EventCountry "ENG"]
[SourceTitle "CBM 144 Extra"]
[Source "ChessBase"]
[SourceDate "2011.10.28"]
[SourceVersion "1"]
[SourceVersionDate "2011.10.28"]
[SourceQuality "1"]

1. Nf3 d5 2. c4 c6 3. b3 Nf6 4. g3 dxc4 5. bxc4 e5 6. Qc2 Bc5 7. Bb2 e4 8. Bxf6 Qxf6 9. Qxe4+ Be6 10. Nc3 0-0 11. Bg2 Nd7 12. 0-0 Nb6 13. Qc2 Bf5 14. d3 Rfe8 15. Rab1 Nxc4 16. Ne4 Bxe4 17. Qxc4 Bxf3 18. Bxf3 Bb6 1/2-1/2

[Event "Sunningdale e2e4 Challengers-F"]
[Site "Sunningdale"]
[Date "2011.08.12"]
[Round "5"]
[White "Adebajo, Olufemi"]
[Black "Peat, Matthew"]
[Result "1-0"]
[WhiteElo "1937"]
[BlackElo "2044"]
[PlyCount "62"]
[EventDate "2011.08.10"]
[EventType "tourn"]
[EventRounds "9"]
[EventCountry "ENG"]
[SourceTitle "CBM 144 Extra"]
[Source "ChessBase"]
[SourceDate "2011.10.28"]
[SourceVersion "1"]
[SourceVersionDate "2011.10.28"]
[SourceQuality "1"]

1. e4 c6 2. d3 d5 3. Nd2 e5 4. Ngf3 Bd6 5. g3 Nf6 6. Bg2 0-0 7. 0-0 Re8 8. h3 Nbd7 9. Re1 Qc7 10. b3 a5 11. a4 b6 12. Bb2 d4 13. Nh4 b5 14. axb5 cxb5 15. Nf5 Bb4 16. Nxd4 exd4 17. e5 Bb7 18. Bxb7 Qxb7 19. exf6 Ne5 20. Rxe5 Rxe5 21. Bxd4 Re6 22. Qg4 g6 23. Ne4 a4 24. c3 Rd8 25. bxa4 bxa4 26. Rxa4 Bxc3 27. Bxc3 Rxd3 28. Rb4 Qc8 29. Qf4 Qf8 30. Rb8 Re8 31. Bb4 Rxe4 1-0